Fórum cudzích jazykov, politológie a medzinárodných vzťahov medzinárodný elektronický časopis zameraný na cudzie jazyky, politológiu a medzinárodné vzťahy = International Electronic Journal Focused on Foreign Languages, Politology and International Relations

Gespeichert in:
Bibliographische Detailangaben
Format: Schriftenreihe
Sprache:Mehrsprachig
Veröffentlicht: Sládkovičovo Vysoká škola Danubius 2018
Tags: Tag hinzufügen
Keine Tags, Fügen Sie das erste Tag hinzu!

MARC

LEADER 00000nas2a2200000 4500
001 0256979
005 20230201154524.8
022 |a 2454-0145 
041 0 |a mul 
044 |a SK 
245 1 0 |a Fórum cudzích jazykov, politológie a medzinárodných vzťahov  |b medzinárodný elektronický časopis zameraný na cudzie jazyky, politológiu a medzinárodné vzťahy = International Electronic Journal Focused on Foreign Languages, Politology and International Relations 
264 1 |a Sládkovičovo  |b Vysoká škola Danubius  |c 2018 
300 |a CD-ROM 
773 0 |w eu_un_cat*0241333 
774 0 |w eu_un_cat*0290831